Produktywnosc, wydajnosc, efektywnosc. Systematyka czynników.

Vysvetlenie pojmu produktivita-produktívnosť. Hlavné diela poľskej literatúry a diela E.F. Denisona o produktivite. Tri druhy parametrov ako príklady, ktoré skúma. Varianty analýzy vplyvu relačných faktorov na zisk. Zhrňuje príklady systematizácie ukazovateľov a faktorov efektívnosti a modelovania v...

Ausführliche Beschreibung

Gespeichert in:
Bibliographische Detailangaben
1. Verfasser: Chajtman, S.
Format: Buchkapitel
Sprache:Polnisch
Schlagworte:
Tags: Tag hinzufügen
Keine Tags, Fügen Sie das erste Tag hinzu!

MARC

LEADER 00000naa a2200000 4500
001 r011794
005 20221125122547.4
041 0 |a pol 
044 |a PL 
245 1 0 |a Produktywnosc, wydajnosc, efektywnosc.  |b Systematyka czynników.  |c S. Chajtman 
520 |a Vysvetlenie pojmu produktivita-produktívnosť. Hlavné diela poľskej literatúry a diela E.F. Denisona o produktivite. Tri druhy parametrov ako príklady, ktoré skúma. Varianty analýzy vplyvu relačných faktorov na zisk. Zhrňuje príklady systematizácie ukazovateľov a faktorov efektívnosti a modelovania variantov postupnosti faktorov. 
610 2 0 |a produktivita práce 
610 2 0 |a výkonnosť 
610 2 0 |a efektívnosť 
610 2 0 |a ukazovatele ekonomické 
610 2 0 |a Denison, E.F. 
610 2 0 |a zisk 
610 2 0 |a produktívnosť 
610 2 0 |a matice 
610 2 0 |a metódy matematické 
100 1 |a Chajtman, S.